<?xml version="1.0" encoding="UTF-8"?>
<collection xmlns="http://www.loc.gov/MARC21/slim">
 <record>
  <leader>03088cam a2200277 7i4500</leader>
  <controlfield tag="001">0000057695</controlfield>
  <controlfield tag="005">20230727090000.0</controlfield>
  <controlfield tag="007">  Dissertations</controlfield>
  <controlfield tag="008">210420                 eng</controlfield>
  <datafield tag="040" ind1=" " ind2=" ">
   <subfield code="a">TSAM Library</subfield>
  </datafield>
  <datafield tag="090" ind1="0" ind2="0">
   <subfield code="a">TJ145 </subfield>
   <subfield code="b">LIM 2019</subfield>
  </datafield>
  <datafield tag="100" ind1="1" ind2="1">
   <subfield code="a">Lim, Wen Jie </subfield>
   <subfield code="e">author </subfield>
  </datafield>
  <datafield tag="245" ind1="1" ind2="4">
   <subfield code="a">Removal of Copper, Chromium and Nickel Ions From Aqueous Solution by Using Different Pre-Treated OrangePeel Powder  </subfield>
   <subfield code="c">Lim Wen Jie.</subfield>
  </datafield>
  <datafield tag="264" ind1=" " ind2="1">
   <subfield code="a">Nilai: </subfield>
   <subfield code="b">INTI International University, </subfield>
   <subfield code="c">August 2019.</subfield>
  </datafield>
  <datafield tag="300" ind1=" " ind2=" ">
   <subfield code="a">xiii, 66 pages: </subfield>
   <subfield code="b">illustrations, colors; </subfield>
   <subfield code="c">30 cm.</subfield>
  </datafield>
  <datafield tag="336" ind1=" " ind2=" ">
   <subfield code="a">text</subfield>
   <subfield code="2">rdacontent</subfield>
  </datafield>
  <datafield tag="337" ind1=" " ind2=" ">
   <subfield code="a">unmediated</subfield>
   <subfield code="2">rdamedia</subfield>
  </datafield>
  <datafield tag="338" ind1=" " ind2=" ">
   <subfield code="a">volume</subfield>
   <subfield code="2">rdacarrier</subfield>
  </datafield>
  <datafield tag="500" ind1="0" ind2="0">
   <subfield code="a">B.Eng (Hons) in Civil Engineering August 2019</subfield>
  </datafield>
  <datafield tag="500" ind1="0" ind2="0">
   <subfield code="a">BCEGI 73</subfield>
  </datafield>
  <datafield tag="501" ind1="0" ind2="0">
   <subfield code="a">FEQS-Civil August 2019</subfield>
  </datafield>
  <datafield tag="501" ind1="0" ind2="0">
   <subfield code="a">Water due to heavy metal pollution has become a concerned issue in Malaysia. Among various water treatment methods, adsorption method has been considered as one of the most efficient waste water treatment technique. Therefore, this study was done to find out the adsorption capacity of orange peel (OP) by different pre-treatment in removing copper, chromium and nickel ion. OP powder was divided into three portions, first portion was untreated, with second and third portions pre-treated with sodium hydroxide (NaOH) and detergent respectively. Each chemical solution that contains copper (Cu), chromium (Cr) and nickel (Ni) ions respectively was tested by these three adsorbents. For the experiment originally untreated OP alone was effective enough to remove 74.00 % of nickel ions, 76.44 % of copper ions and 91.20 % of chromium ions within 24 hours. NaOH pre-treatment was found to be successfully enhancing the performance of OP in removing nickel and copper ions. The adsorption rate of nickel ion has been increased from 74 % to 85.67 %. While for copper ions, the adsorption rate has been increased from 76.44 % to 81.55 %. For NaOH treated OP, all of the heavy metal was best fitted to Freundlich Isotherm model (included Ni, Cu and Cr). Besides, for detergent treated OP, Ni and Cr were best fitted to Langmuir Isotherm model, while Cu best fitted to Freundlich Isotherm model. For untreated OP, Ni and Cu were best fitted to Langmuir Isotherm model, while Cr best fitted to Freundlich Isotherm model. Freundlich Isotherm model suggested that the adsorption processes have been carried out on a complex surface and Langmuir Isotherm model indicated that the adsorbents were undergoing monolayer adsorption process. In conclusion, this study has proved the OP has good abilities in removing heavy metal ions due to its good adsorption capacity, environment friendly nature and low cost characteristics</subfield>
  </datafield>
  <datafield tag="502" ind1="0" ind2="0">
   <subfield code="a">Being a project report submitted to INTI International University as a requirements for Bachelor Of Engineering (Hons) in Civil Engineering August 2019 under the managment and supervision of Faculty of Engineering &amp; Quantity Surveying, INTI International University</subfield>
  </datafield>
  <datafield tag="650" ind1="0" ind2="0">
   <subfield code="a">BCEGI </subfield>
  </datafield>
  <datafield tag="650" ind1="0" ind2="0">
   <subfield code="a">Dissertations, academic -- </subfield>
   <subfield code="x">Engineering </subfield>
  </datafield>
  <datafield tag="650" ind1="0" ind2="0">
   <subfield code="a">Civil Engineering </subfield>
  </datafield>
 </record>
</collection>
